| 000 | 00703nam a22002297a 4500 | ||
|---|---|---|---|
| 005 | 20241204114830.0 | ||
| 010 | _aENG-142830 | ||
| 020 |
_a9789390473533 _c545.00 |
||
| 035 | _aEN-126362 | ||
| 037 | _bAcademic Aspirations | ||
| 082 | _a589.205 | ||
| 100 |
_aPradhan,Shashikala _974652 |
||
| 245 |
_aMycology and phytopathology _cby shashikala pradhan |
||
| 260 |
_aNew Delhi _bAcademic Aspirations _c2022 |
||
| 270 |
_a4740/23 Ansari Road, Daryaganj, _bNew Delhi _e110002 |
||
| 300 |
_a320p. _c24cm(pbk) |
||
| 700 |
_aM.Praveena _974641 |
||
| 700 |
_aS.S.Suganya _974642 |
||
| 700 |
_aS.Sugantha Priya _974643 |
||
| 700 |
_aR.Lavanya _974644 |
||
| 942 |
_2ddc _cEN _h589.205 _mPRA |
||
| 999 |
_c207394 _d207394 |
||